[Event "Tourn. n10017"]
[Site "www.echecsemail.com"]
[Date "2018.12.10"]
[Round "1"]
[White "Bigrezi"]
[Black "Add"]
[WhiteElo "2320"]
[BlackElo "2210"]
[Result "1-0"]
[Round "1"]
1.e4 Nb8c6
2.d4 e6
3.Ng1f3 Nc6e7
4.c3 h6
5.Bf1d3 d6
6.O-O Ng8f6
7.e5 Nf6d5
8.c4 Nd5b6
9.Nb1c3 a6
10.Bc1e3 d5
11.b3 Ne7c6
12.a3 Nb6d7
13.cxd5 exd5
14.e6 Nd7f6
15.exf7 Kxf7
16.Nf3e5 Nc6xe5
17.dxe5 Nf6g4
18.Nc3xd5 Ng4xe3
19.fxe3 Kg8
20.Nd5f6 gxf6
21.Bd3c4 { resign }
1-0

[Event "Tourn. n9944"]
[Site "www.echecsemail.com"]
[Date "2018.12.10"]
[Round "1"]
[White "Seger"]
[Black "Jaroslavpech"]
[WhiteElo "2840"]
[BlackElo "2480"]
[Result "0-1"]
[Round "1"]
1.d4 d5
2.c4 c6
3.c5 e5
4.e3 Ng8f6
5.Nb1c3 Bf8e7
6.b4 e4
7.Ng1e2 O-O
8.Bc1d2 Nb8a6
9.Ra1b1 Na6c7
10.h3 b6
11.a3 Ra8b8
12.cxb6 axb6
13.a4 Nc7e6
14.Ne2f4 Ne6xf4
15.exf4 Bc8e6
16.Bd2e3 Nf6e8
17.Bf1e2 g6
18.a5 bxa5
19.bxa5 Rb8xb1
20.Qd1xb1 Qd8xa5
21.Qb1b2 Be7a3
22.Qb2b1 Qa5xc3
23.Be3d2 Qc3xd4
24.Qb1d1 Ba3b4
25.Bd2xb4 Qd4xb4
{ resign }
0-1

[Event "Tourn. n9940"]
[Site "www.echecsemail.com"]
[Date "2018.12.10"]
[Round "1"]
[White "Asoka"]
[Black "Pdebonis"]
[WhiteElo "2710"]
[BlackElo "2700"]
[Result "1-0"]
[Round "1"]
1.d4 Ng8f6
2.Bc1g5 Nf6e4
3.Bg5f4 c5
4.f3 Ne4f6
5.dxc5 e5
6.Bf4xe5 Bf8xc5
7.Be5d6 Qd8b6
8.Bd6xc5 Qb6xc5
9.Qd1d2 O-O
10.Nb1c3 Nb8c6
11.O-O-O d5
12.e3 Rf8e8
13.Ng1e2 Re8xe3
14.Nc3xd5 Nf6xd5
15.Qd2xd5 Qc5b6
16.Ne2f4 Qb6c7
17.Qd5g5 Re3e5
18.Nf4d5 Qc7d6
19.Qg5f4 Bc8f5
20.Bf1c4 Qd6c5
21.b4 Qc5f8
22.Rh1e1 Qf8b8
23.Re1e3 Re5xe3
24.Qf4xb8 Ra8xb8
25.Nd5xe3 Bf5g6
26.b5 Nc6a5
27.Rd1d7 Na5xc4
28.Ne3xc4 Bg6f5
29.Rd7c7 Rb8c8
30.Rc7xc8 Bf5xc8
31.a4 Bc8d7
32.h4 Kf8
33.Kb2 Ke7
34.Kc3 f6
35.Kd4 b6
36.Nc4e3 Bd7c8
37.g4 Bc8b7
38.f4 h6
39.c4 Bb7f3
40.c5 bxc5
41.Kxc5 { resign }
1-0

[Event "Match"]
[Site "www.echecsemail.com"]
[Date "2018.12.10"]
[Round "1"]
[White "Tonino1"]
[Black "Bigrezi"]
[WhiteElo "2250"]
[BlackElo "2310"]
[Result "0-1"]
[Round "1"]
1.d4 Ng8f6
2.Ng1f3 e6
3.e3 d5
4.Bf1d3 c5
5.c3 Nb8c6
6.O-O Bf8e7
7.Nb1d2 c4
8.Bd3c2 b5
9.Nf3e5 Nc6xe5
10.dxe5 Nf6d7
11.f4 Qd8b6
12.Nd2f3 O-O
13.Nf3d4 Bc8b7
14.Rf1f3 Nd7c5
15.Rf3h3 g6
16.g4 Nc5e4
17.f5 Ne4g5
18.Rh3g3 Qb6c7
19.f6 Be7d8
20.e4 Qc7xe5
21.Bc1xg5 Qe5xg5
22.Qd1f3 Bd8xf6
23.Ra1f1 Bf6xd4
24.cxd4 Ra8d8
25.e5 b4
26.h4 Qg5e7
27.Rg3h3 Rd8d7
28.h5 c3
29.b3 Bb7a6
30.Rf1f2 Rd7c7
31.hxg6 fxg6
32.Qf3e3 Rf8xf2
33.Qe3xf2 Qe7g5
34.Rh3g3 Rc7f7
35.Qf2g2 Qg5c1
36.Kh2 Ba6f1
{ resign }
0-1

[Event "1/128 Finale"]
[Site "www.chess-mail.com"]
[Date "2018.12.10"]
[Round "1"]
[White "Mitja"]
[Black "Vitor"]
[WhiteElo "1960"]
[BlackElo "1399"]
[Result "1-0"]
[Round "1"]
1.d4 Ng8f6
2.e3 e6
3.c3 d5
4.h3 c5
5.dxc5 Bf8xc5
6.b3 Nb8c6
7.Bc1b2 O-O
8.Ng1f3 Bc8d7
9.Bf1e2 Rf8e8
10.c4 Bc5b4
11.Bb2c3 Qd8a5
12.Bc3xb4 Qa5xb4
13.Nb1d2 Nf6e4
14.O-O Ra8d8
15.Nd2xe4 dxe4
16.Nf3d4 Qb4b6
17.Nd4xc6 Bd7xc6
18.Qd1c2 Qb6c7
19.a4 Rd8d7
20.Ra1d1 Re8d8
21.Rd1xd7 Rd8xd7
22.Rf1d1 Kf8
23.Rd1xd7 Qc7xd7
24.g4 f5
25.gxf5 exf5
26.Qc2c3 Kg8
27.Qc3e5 Kf7
28.c5 Qd7e7
29.Qe5xf5 Qe7f6
30.Be2c4 Ke7
31.Qf5xh7 Qf6g5
32.Kf1 a6
33.Qh7g8 Qg5g6
34.h4 Bc6d7
35.Qg8d5 Bd7h3
36.Ke2 Qg6g4
37.Kd2 Qg4f3
38.Qd5xb7 Kd8
39.Qb7xa6 Qf3xf2
40.Bc4e2 Qf2xh4
41.Qa6d6 Ke8
42.Be2b5 Kf7
43.Qd6f4 { resign }
1-0

[Event "Tourn. n10007"]
[Site "www.echecsemail.com"]
[Date "2018.12.11"]
[Round "1"]
[White "Tbsundar"]
[Black "Francesco"]
[WhiteElo "1970"]
[BlackElo "1930"]
[Result "1-0"]
[Round "1"]
1.d4 d5
2.c4 c6
3.e3 Ng8f6
4.Nb1d2 Bc8g4
5.Qd1b3 Qd8c7
6.h3 Bg4h5
7.f4 e6
8.g4 Bh5g6
9.Ng1f3 Nb8d7
10.Bf1d3 Bg6xd3
11.Qb3xd3 c5
12.b3 cxd4
13.Nf3xd4 Nd7c5
14.Qd3c2 Nc5e4
15.g5 Ne4xd2
16.gxf6 Nd2e4
17.fxg7 Bf8xg7
18.Ra1b1 a6
19.Rh1g1 Rh8g8
20.Ke2 Qc7e7
21.cxd5 exd5
22.Nd4f5 Qe7f6
23.Nf5xg7 Rg8xg7
24.Bc1b2 Ne4g3
25.Rg1xg3 Rg7xg3
26.Bb2xf6 Rg3g2
27.Kd3 Rg2xc2
28.Kxc2 Ra8c8
29.Kd3 { resign }
1-0

[Event "Tourn. n9902"]
[Site "www.echecsemail.com"]
[Date "2018.12.11"]
[Round "1"]
[White "Jaroslavpech"]
[Black "Seger"]
[WhiteElo "2440"]
[BlackElo "2850"]
[Result "1/2-1/2"]
[Round "1"]
1.e4 c5
2.Ng1f3 d6
3.d4 cxd4
4.Qd1xd4 Nb8c6
5.Bf1b5 e5
6.Qd4d3 Bf8e7
7.Nb1c3 Ng8f6
8.O-O O-O
9.Bc1g5 Bc8e6
10.Bb5c4 Nc6a5
11.Bc4b3 Nf6h5
12.Bg5e3 Ra8c8
13.Nc3d5 Na5xb3
14.axb3 a6
15.c4 Nh5f6
16.Nd5xe7 Qd8xe7
17.Rf1d1 Rf8d8
18.Be3b6 Rd8d7
19.Nf3e1 Nf6h5
20.f3 Qe7f6
21.Rd1d2 Nh5f4
22.Qd3e3 Qf6e7
23.Ra1d1 h6
24.Ne1c2 f5
25.exf5 Be6xf5
26.Nc2b4 Qe7g5
27.Kh1 Rc8e8
28.Nb4d5 Nf4xd5
29.Rd2xd5 Qg5xe3
30.Bb6xe3 Bf5c2
31.Rd5xd6 Rd7xd6
32.Rd1xd6 Bc2xb3
33.c5 Bb3a4
34.Kg1 Kf7
35.Kf2 Re8e7
36.h4 Re7d7
37.Rd6xd7 Ba4xd7
38.h5 e4
39.g4 exf3
40.Kxf3 Bd7c6
{ draw }
1/2-1/2

[Event "Tourn. n10021"]
[Site "www.echecsemail.com"]
[Date "2018.12.11"]
[Round "1"]
[White "Fantomas"]
[Black "Apdash"]
[WhiteElo "2100"]
[BlackElo "2250"]
[Result "1/2-1/2"]
[Round "1"]
1.e4 c5
2.Ng1f3 d6
3.Bf1c4 e6
4.d4 cxd4
5.Nf3xd4 a6
6.c3 b5
7.Bc4d3 Bc8b7
8.Bc1e3 Nb8c6
9.Nb1d2 Ng8f6
10.O-O Nc6e5
11.Bd3c2 Bf8e7
12.h3 Ra8c8
13.Be3f4 Ne5g6
14.Bf4h2 Qd8b6
15.Kh1 O-O
16.Qd1e2 Rc8c5
17.Nd4b3 Rc5c8
18.Nb3d4 b4
19.Ra1b1 a5
20.Bc2d3 Nf6d7
21.Nd2c4 Qb6c5
22.Nd4b3 Qc5a7
23.cxb4 axb4
24.Nc4xd6 Rc8a8
25.Nd6xb7 Qa7xb7
26.Rb1a1 Nd7e5
27.f4 Ne5xd3
28.Qe2xd3 Rf8d8
29.Qd3e2 Ra8a6
30.Nb3c1 Ra6d6
31.Nc1b3 Rd6d3
32.Rf1f3 Rd3d7
33.a3 bxa3
34.bxa3 Ng6h4
35.Rf3c3 Rd8a8
36.Nb3c5 Be7xc5
37.Rc3xc5 Ra8d8
38.Rc5c2 f5
39.Bh2g3 Nh4g6
40.exf5 exf5
41.Qe2e6 Rd7f7
42.Qe6e3 Rf7e7
43.Qe3c3 h5
44.h4 Rd8e8
45.Ra1d1 Ng6f8
46.Kh2 Nf8h7
47.Rc2d2 Nh7f6
48.Rd2b2 Qb7a8
49.Bg3f2 Nf6g4
50.Kg1 Qa8e4
51.g3 Qe4a4
52.Qc3b3 Qa4xb3
53.Rb2xb3 Re7e2
54.Bf2d4 Re2a2
55.Rd1b1 Re8e2
56.Rb3b2 Re2xb2
57.Bd4xb2 { draw }
1/2-1/2

[Event "Tourn. n9999"]
[Site "www.echecsemail.com"]
[Date "2018.12.11"]
[Round "1"]
[White "Erno"]
[Black "Louis"]
[WhiteElo "1969"]
[BlackElo "2060"]
[Result "1-0"]
[Round "1"]
1.d4 f5
2.Bc1g5 g6
3.Nb1c3 Bf8g7
4.f3 Nb8c6
5.e3 h6
6.Bg5h4 d6
7.Bh4f2 Ng8f6
8.Bf1c4 d5
9.Bc4b3 O-O
10.Ng1e2 e6
11.Ne2c1 b6
12.Nc1d3 Nc6a5
13.Bb3a4 Bc8d7
14.O-O Bd7xa4
15.Nc3xa4 Nf6d7
16.Qd1e1 c6
17.e4 dxe4
18.fxe4 fxe4
19.Qe1xe4 Nd7f6
20.Qe4xg6 Na5c4
21.Rf1e1 Qd8e7
22.Ra1d1 Ra8c8
23.b3 Nc4d6
24.Bf2g3 Nd6f5
25.Qg6xf5 { resign }
1-0

[Event "Tourn. n9989"]
[Site "www.echecsemail.com"]
[Date "2018.12.11"]
[Round "1"]
[White "Zack1984"]
[Black "Bojan"]
[WhiteElo "2010"]
[BlackElo "2020"]
[Result "1-0"]
[Round "1"]
1.b4 e5
2.Bc1b2 f6
3.e4 Bf8xb4
4.Bf1c4 g6
5.Ng1e2 Nb8c6
6.O-O Ng8e7
7.d4 Nc6a5
8.Qd1d3 d6
9.Bc4b3 Na5xb3
10.axb3 c6
11.Nb1c3 Qd8c7
12.f4 exd4
13.Ne2xd4 Qc7b6
14.f5 gxf5
15.Nc3a4 Qb6c7
16.c3 fxe4
17.Qd3xe4 d5
18.Qe4e2 Bb4d6
19.Qe2h5 Kd8
20.Rf1xf6 b5
21.Rf6xd6 Qc7xd6
22.Bb2a3 Qd6f4
23.Ra1e1 Ne7g6
24.Nd4xc6 Kc7
25.Qh5xd5 Bc8d7
26.Nc6e5 Rh8d8
27.Ba3d6 { resign }
1-0

[Event "Match"]
[Site "www.echecsemail.com"]
[Date "2018.12.11"]
[Round "1"]
[White "Carsontwhite"]
[Black "Logout"]
[WhiteElo "1339"]
[BlackElo "2030"]
[Result "0-1"]
[Round "1"]
1.e4 d5
2.c4 dxe4
3.f3 exf3
4.gxf3 e5
5.a4 Bc8e6
6.Bf1d3 Qd8h4
7.Ke2 Be6xc4
8.Bd3xc4 Qh4xc4
9.d3 Qc4d4
10.Nb1c3 Bf8c5
11.Ng1h3 Qd4h4
12.Rh1g1 Qh4xh3
13.Rg1g3 Qh3xh2
14.Rg3g2 Qh2xg2
15.Ke1 Qg2f2

0-1

[Event "Tourn. n9998"]
[Site "www.echecsemail.com"]
[Date "2018.12.11"]
[Round "1"]
[White "Tonino1"]
[Black "Bojan"]
[WhiteElo "2140"]
[BlackElo "2000"]
[Result "0-1"]
[Round "1"]
1.f4 b6
2.d4 f6
3.e3 g6
4.Ng1f3 Bc8b7
5.Bf1d3 d6
6.O-O a6
7.c3 c5
8.Qd1e2 Nb8d7
9.Nb1d2 b5
10.e4 Qd8b6
11.Kh1 d5
12.e5 fxe5
13.fxe5 Bf8h6
14.Nf3h4 c4
15.Bd3c2 O-O-O
16.Nd2f3 Bh6xc1
17.Ra1xc1 a5
18.Nf3g5 Ng8h6
19.Ng5f7 Nh6xf7
20.Rf1xf7 Qb6e6
21.Rf7g7 Rd8g8
22.Rg7xg8 Rh8xg8
23.Rc1f1 Rg8g7
24.Qe2f3 Kd8
25.Qf3f4 Ke8
26.Qf4g5 Nd7f8
27.Nh4f5 Rg7g8
28.Nf5e3 Bb7c8
29.h3 Rg8g7
30.Bc2d1 Qe6g8
31.Bd1f3 Bc8b7
32.Qg5g4 Kd8
33.g3 h6
34.Bf3g2 h5
35.Qg4f3 Nf8h7
36.h4 e6
37.Bg2h3 Bb7c8
38.Ne3g2 g5
39.Qf3xh5 g4
40.Bh3xg4 Rg7xg4
41.Rf1f7 Rg4g7
42.Rf7a7 Rg7xa7
43.Ng2f4 Ra7g7
 { time }
0-1

[Event "Tourn. n10008"]
[Site "www.echecsemail.com"]
[Date "2018.12.11"]
[Round "1"]
[White "Odin"]
[Black "Picifarkinca"]
[WhiteElo "1940"]
[BlackElo "1860"]
[Result "0-1"]
[Round "1"]
1.d4 d5
2.c4 e6
3.Nb1c3 Ng8f6
4.Bc1f4 Bf8d6
5.Qd1c1 Bd6xf4
6.Qc1xf4 c6
7.Ng1f3 O-O
8.e3 Nb8d7
9.Bf1d3 dxc4
10.Nf3e5 { time. }
0-1

[Event "Tourn. n10021"]
[Site "www.echecsemail.com"]
[Date "2018.12.11"]
[Round "1"]
[White "Erno"]
[Black "Apdash"]
[WhiteElo "2169"]
[BlackElo "2250"]
[Result "1-0"]
[Round "1"]
1.d4 d5
2.c4 c6
3.Ng1f3 Ng8f6
4.Nb1c3 dxc4
5.e4 b5
6.Bf1e2 Bc8g4
7.O-O Nb8d7
8.e5 Nf6d5
9.Nf3g5 Bg4xe2
10.Qd1xe2 e6
11.Qe2h5 g6
12.Qh5f3 Qd8e7
13.Nc3e4 Bf8g7
14.Ne4d6 Kf8
15.Ng5xf7 Kg8
16.Bc1g5 Qe7f8
17.a4 h6
18.Bg5d2 Rh8h7
19.Qf3g4 Ra8e8
20.Qg4xg6 Re8e7
21.axb5 cxb5
22.Nf7xh6 Kh8
23.Nd6f7 Re7xf7
24.Nh6xf7 Kg8
25.Nf7d6 Qf8e7
26.Bd2g5 Nd7f6
27.Ra1a6 Qe7f8
28.exf6 Nd5xf6
29.Ra6xa7 Nf6g4
30.Qg6xe6 Kh8
31.Nd6f7 Kg8
32.Nf7e5 { resign }
1-0

[Event "Tourn. n9960"]
[Site "www.echecsemail.com"]
[Date "2018.12.11"]
[Round "1"]
[White "Hansen"]
[Black "Passaroa25"]
[WhiteElo "1590"]
[BlackElo "1670"]
[Result "0-1"]
[Round "1"]
1.e4 Nb8c6
2.Bf1b5 Ng8f6
3.Nb1c3 e5
4.a3 Nc6d4
5.Bb5c4 c6
6.d3 Bf8e7
7.Bc1e3 O-O
8.g4 Nf6xg4
9.Be3xd4 b5
10.Qd1xg4 exd4
11.Nc3e2 bxc4
12.Ne2xd4 g6
13.Nd4f5 cxd3
14.cxd3 Be7f6
15.h4 Bf6xb2
16.Ra1b1 Bb2xa3
17.Ng1f3 d5
18.h5 Bc8xf5
19.exf5 Qd8e7
20.Kf1 Qe7f6
21.hxg6 fxg6
22.Rb1e1 Qf6xf5
23.Qg4h3 Qf5xd3
24.Re1e2 Qd3d1
25.Re2e1 Qd1d3
26.Kg2 Qd3f5
27.Qh3h4 Ra8e8
28.Nf3d4 Qf5h5
29.Qh4xh5 gxh5
30.Re1a1 Ba3b2
31.Ra1xa7 Bb2xd4
32.Rh1xh5 Rf8xf2
33.Kg3 Bd4xa7
34.Rh5h6 Rf2f5
35.Rh6xc6 Re8e3
36.Kg4 Rf5f7
37.Rc6h6 Re3e4
38.Kg5 Ba7e3
{ resign }
0-1

[Event "Tourn. n9989"]
[Site "www.echecsemail.com"]
[Date "2018.12.11"]
[Round "1"]
[White "Ssharp"]
[Black "Tonino1"]
[WhiteElo "2280"]
[BlackElo "2120"]
[Result "1-0"]
[Round "1"]
1.e4 d6
2.d4 Ng8f6
3.Nb1c3 c6
4.Ng1f3 Qd8c7
5.Bf1d3 e5
6.Bc1g5 Nb8d7
7.h3 g6
8.Nc3e2 Bf8g7
9.c3 h6
10.Bg5e3 O-O
11.Qd1d2 Kh7
12.O-O Nf6e8
13.Ra1c1 Nd7b6
14.b4 f5
15.dxe5 dxe5
16.exf5 gxf5
17.Be3xb6 Qc7xb6
18.Bd3b1 Bc8e6
19.Ne2g3 Ra8d8
20.Qd2e2 e4
21.Nf3d2 Bg7e5
22.Nd2xe4 fxe4
23.Qe2xe4  { time }
1-0

[Event "Match"]
[Site "www.echecsemail.com"]
[Date "2018.12.11"]
[Round "1"]
[White "Tonino1"]
[Black "Krystek23"]
[WhiteElo "2120"]
[BlackElo "2600"]
[Result "0-1"]
[Round "1"]
1.f4 c5
2.e3 e6
3.d4 cxd4
4.exd4 g6
5.Ng1f3 Bf8g7
6.c3 Ng8f6
7.Bf1d3 Nb8c6
8.O-O O-O
9.Qd1e2 b6
10.Nf3e5 Nc6e7
11.Qe2f3 Ra8b8
12.b3 d6
13.Ne5g4 Nf6xg4
14.Qf3xg4 Ne7d5
15.Qg4e2 Nd5xc3
16.Nb1xc3 Bg7xd4
17.Bc1e3 Bd4xc3
18.Ra1c1 Bc3g7
19.Rc1c2 Bc8b7
20.Rf1c1 d5
21.Rc2c7 e5
22.Bd3b5 d4
23.Be3d2 e4
24.Bd2b4 d3
25.Qe2g4 Qd8d4
26.Kh1 Qd4xb4
27.Bb5d7 e3
28.Rc7c4 Qb4e7
 { time }
0-1

[Event "Tourn. n10007"]
[Site "www.echecsemail.com"]
[Date "2018.12.11"]
[Round "1"]
[White "Tbsundar"]
[Black "Bojan"]
[WhiteElo "1970"]
[BlackElo "1980"]
[Result "1/2-1/2"]
[Round "1"]
1.d4 d5
2.c4 dxc4
3.e3 b5
4.a4 c6
5.axb5 cxb5
6.b3 Bc8e6
7.bxc4 bxc4
8.Bf1xc4 Be6xc4
9.Qd1a4 Qd8d7
10.Qa4xc4 e6
11.Ng1f3 Ng8f6
12.O-O Nb8c6
13.Ra1a6 Nc6e7
14.Nf3e5 Qd7b7
15.Qc4a4 Nf6d7
16.Nb1d2 f6
17.Ne5xd7 Qb7xd7
18.Nd2c4 Ne7d5
19.Ra6xe6 Kd8
20.Qa4a5 Nd5c7
21.Re6e4 Bf8e7
22.d5 Qd7b5
23.Bc1d2 Kd7
24.Re4xe7 Kxe7
25.d6 Kd7
26.Qa5xc7 Ke6
27.e4 Rh8e8
28.f4 f5
29.Rf1e1 Kf6
30.Bd2c3 Ke6
31.exf5 Kd5
32.Qc7f7 Kc5
33.Qf7c7 Qb5c6
34.Re1xe8 { draw }
1/2-1/2

[Event "Match"]
[Site "www.echecsemail.com"]
[Date "2018.12.11"]
[Round "1"]
[White "Logout"]
[Black "Blackorblanc"]
[WhiteElo "1970"]
[BlackElo "1649"]
[Result "1-0"]
[Round "1"]
1.e4 g5
2.d4 h6
3.Bf1d3 Bf8g7
4.Bc1e3 Nb8c6
5.c3 d6
6.Ng1f3 g4
7.Nf3d2 h5
8.O-O e5
9.d5 Nc6e7
10.c4 b6
11.Nb1c3  { time }
1-0

[Event "Match"]
[Site "www.echecsemail.com"]
[Date "2018.12.11"]
[Round "1"]
[White "Bojan"]
[Black "Mitja"]
[WhiteElo "2000"]
[BlackElo "1930"]
[Result "0-1"]
[Round "1"]
1.e4 d5
2.exd5 Qd8xd5
3.Nb1c3 Qd5d8
4.d4 e6
5.a3 h6
6.Bc1f4 c6
7.Nc3e4 Ng8f6
8.Qd1d3 Nf6xe4
9.Qd3xe4 Nb8d7
10.Ng1f3 Nd7f6
11.Qe4d3 Nf6d5
12.Bf4d2 Bf8e7
13.c4 Nd5f6
14.h3 b6
15.Nf3e5 Bc8b7
16.Bf1e2 Be7d6
17.Qd3g3 g6
18.Qg3f3 Qd8e7
19.Qf3c3 Nf6e4
20.Qc3e3 Ne4xd2
21.Kxd2 c5
22.Ne5f3 g5
23.Rh1g1 Bd6f4
24.Qe3xf4 gxf4
25.dxc5 Qe7xc5
26.b4 Qc5xf2
27.Ra1e1 Bb7xf3
28.gxf3 Qf2e3
29.Kc2 Ra8d8
30.Kb1 Rd8d2
31.Be2d1 Qe3d3
32.Kc1 Qd3c3
{ resign }
0-1

[Event "1/32 Finale"]
[Site "www.chess-mail.com"]
[Date "2018.12.11"]
[Round "1"]
[White "Amaya"]
[Black "Piriot"]
[WhiteElo "2110"]
[BlackElo "2370"]
[Result "0-1"]
[Round "1"]
1.d4 d6
2.e3 Ng8f6
3.Bf1d3 e5
4.c3 g6
5.Nb1d2 Bf8g7
6.Ng1f3 Nb8c6
7.O-O O-O
8.Nd2e4 Nf6xe4
9.Bd3xe4 Kh8
10.d5 Nc6e7
11.Nf3g5 f5
12.Be4c2 Ne7xd5
13.Qd1xd5 Qd8xg5
14.e4 f4
15.Bc1d2 Bc8h3
16.g3 Qg5h5
17.Bc2d1 f3
18.Qd5d3 Bh3g2
19.Rf1e1 Qh5h3
20.Re1e3 Bg2h1
21.Qd3f1 Bh1g2
22.Qf1d3 Bg7h6
23.Re3xf3 Rf8xf3
24.Bd1xf3 Bg2xf3
25.Qd3xf3 Bh6xd2
26.Qf3f6 Kg8
27.Ra1f1 Ra8f8
28.Qf6e7 Rf8f7
29.Qe7d8 Kg7
30.Qd8a8 Bd2e3
31.Qa8xb7 Be3b6
32.Qb7d5 Qh3g4
33.Qd5d3 Qg4f3
34.Qd3xf3 Rf7xf3
35.Kg2 Rf3d3
36.Rf1b1 Rd3d2
{ resign }
0-1

[Event "1/128 Finale"]
[Site "www.chess-mail.com"]
[Date "2018.12.11"]
[Round "1"]
[White "Wegaman"]
[Black "Bojan"]
[WhiteElo "2030"]
[BlackElo "1990"]
[Result "1-0"]
[Round "1"]
1.d4 d5
2.c4 dxc4
3.Nb1c3 Bc8d7
4.e4 b5
5.a4 b4
6.Nc3a2 c3
7.bxc3 bxc3
8.Na2xc3 a6
9.Ng1f3 e6
10.d5 exd5
11.Qd1xd5 c6
12.Qd5d4 f6
13.Bf1c4 Ng8e7
14.Bc1a3 Qd8a5
15.O-O Bd7g4
16.Nf3e1 Nb8d7
17.f3 Bg4h5
18.Ra1b1 Ra8d8
19.Qd4e3 Nd7e5
20.Bc4e2 Bh5f7
21.Ba3b4 Qa5c7
22.Rb1c1 a5
23.Bb4c5 Ne5c4
24.Be2xc4 Bf7xc4
25.Rf1f2 g6
26.Ne1c2 Ne7c8
27.Bc5xf8 Rh8xf8
28.Qe3c5 Bc4d3
29.Nc2d4 Rd8d6
30.Nc3b5 Qc7e7
31.Nb5xd6 Nc8xd6
32.Qc5xc6 Kf7
33.Qc6d5 Kg7
34.Nd4e6 Kg8
35.Ne6xf8 Kxf8
36.Qd5xd3 g5
37.Rf2c2 h5
38.Rc2c7 Qe7e5
39.Rc1d1 { resign }
1-0

[Event "Fast Game"]
[Site "www.echecsemail.com"]
[Date "2018.12.11"]
[Round "1"]
[White "Erno"]
[Black "Hennie4820"]
[WhiteElo "1689"]
[BlackElo "1630"]
[Result "1-0"]
[Round "1"]
1.d4 Ng8f6
2.Bc1g5 Nf6e4
3.Bg5f4 g6
4.f3 Ne4f6
5.e4 d6
6.Nb1c3 Bf8g7
7.Bf1c4 O-O
8.a4 Nb8d7
9.Ng1e2 c5
10.dxc5 Nd7xc5
11.O-O a6
12.a5 Bc8e6
13.Bc4xe6 Nc5xe6
14.Bf4e3 Ra8c8
15.Qd1d2 Qd8d7
16.Nc3a4 Rc8c6
17.Na4b6 Qd7c7
18.Ne2c3 Nf6d7
19.Nc3d5 Qc7d8
20.Ra1b1 Nd7xb6
21.Be3xb6  { time }
1-0

[Event "Tourn. n9974"]
[Site "www.echecsemail.com"]
[Date "2018.12.12"]
[Round "1"]
[White "Osopanda"]
[Black "Iko"]
[WhiteElo "1840"]
[BlackElo "1830"]
[Result "0-1"]
[Round "1"]
1.e4 e5
2.Ng1f3 Nb8c6
3.Bf1b5 a6
4.Bb5a4 b5
5.Ba4b3 Ng8f6
6.d3 Bf8c5
7.Bc1e3 O-O
8.O-O Bc5xe3
9.fxe3 d5
10.exd5 Nc6e7
11.Nf3xe5 Nf6xd5
12.Qd1f3 f6
13.Ne5g4 a5
14.a4 b4
15.Nb1d2 Bc8xg4
16.Qf3g3 f5
17.e4 h5
18.exd5 Ne7xd5
19.Ra1e1 f4
20.Rf1xf4 Rf8xf4
21.Nd2f3 Qd8f6
22.Bb3xd5 Kh8
23.Bd5xa8 g5
24.Re1e8 Kg7
25.Ba8d5 Qf6xb2
26.Re8e7 { time. }
0-1

[Event "Tourn. n10009"]
[Site "www.echecsemail.com"]
[Date "2018.12.12"]
[Round "1"]
[White "Julian"]
[Black "Osopanda"]
[WhiteElo "1620"]
[BlackElo "1640"]
[Result "0-1"]
[Round "1"]
1.e4 e5
2.Ng1f3 f5
3.Nb1c3 Ng8f6
4.d4 fxe4
5.Nf3xe5 d6
6.Ne5c4 Bf8e7
7.Bf1e2 O-O
8.O-O Bc8e6
9.d5 Be6f5
10.Bc1e3 Nb8d7
11.f3 exf3
12.Be2xf3 { time. }
0-1

[Event "Match"]
[Site "www.echecsemail.com"]
[Date "2018.12.12"]
[Round "1"]
[White "Darknight"]
[Black "Ztornad"]
[WhiteElo "1910"]
[BlackElo "1860"]
[Result "1/2-1/2"]
[Round "1"]
1.e4 e5
2.Bf1c4 Ng8f6
3.d3 h6
4.g4 d6
5.h3 Nb8c6
6.a3 a6
7.g5 hxg5
8.Bc1xg5 Bf8e7
9.c3 Bc8e6
10.Bc4xe6 fxe6
11.Nb1d2 Qd8d7
12.Ng1f3 Nf6h7
13.h4 Nh7xg5
14.Nf3xg5 Be7xg5
15.Nd2f3 Bg5f6
16.Qd1e2 O-O-O
17.Kd2 Qd7e7
18.h5 Rh8h6
19.Kc2 Rd8g8
20.Nf3h2 Bf6g5
21.Nh2g4 Bg5f4
22.Ng4xh6 Bf4xh6
23.Ra1g1 b5
24.Rg1g6 Qe7f7
25.Rh1h3 Nc6e7
26.Rh3f3 Bh6f4
27.Rg6g5 Qf7f6
28.Rg5g1 c5
29.c4 Ne7c6
30.Kb1 Nc6d4
31.Qe2d1 Nd4xf3
32.Qd1xf3 g5
33.Qf3h1 Qf6h6
34.f3 Rg8h8
35.Ka2 bxc4
36.dxc4 Kc7
37.Qh1h3 Rh8f8
38.Rg1d1 a5
39.Rd1h1 a4
40.Qh3g2 Rf8b8
41.Qg2c2 Rb8b3
42.Qc2d1 Bf4e3
43.Qd1e1 Kb6
44.Qe1d1 Be3d4
45.Rh1h2 Qh6xh5
46.Qd1e2 Qh5xh2
47.Qe2xh2 Rb3xb2
48.Qh2xb2 Bd4xb2
49.Kxb2 Kc6
50.Kc3 d5
51.Kd3 Kd6
52.Ke3 Kc6
53.Kd3 Kd6
{ draw }
1/2-1/2

[Event "Tourn. n10024"]
[Site "www.echecsemail.com"]
[Date "2018.12.12"]
[Round "1"]
[White "Mitja"]
[Black "Luban"]
[WhiteElo "1930"]
[BlackElo "2080"]
[Result "0-1"]
[Round "1"]
1.d4 d5
2.e3 e6
3.c3 c5
4.dxc5 Bf8xc5
5.b3 Ng8f6
6.Bc1b2 a6
7.Bf1e2 Nb8c6
8.h3 O-O
9.Bb2a3 Bc5xa3
10.Nb1xa3 Nf6e4
11.Qd1c2 Qd8f6
12.Na3b1 Qf6xf2
13.Kd1 Qf2xg2
{ resign }
0-1

[Event "Match"]
[Site "www.echecsemail.com"]
[Date "2018.12.12"]
[Round "1"]
[White "Llord"]
[Black "Ketchuplover"]
[WhiteElo "1870"]
[BlackElo "1980"]
[Result "1/2-1/2"]
[Round "1"]
1.e4 d6
2.d4 Ng8f6
3.Nb1c3 Nb8d7
4.Ng1f3 g6
5.Bc1g5 Bf8g7
6.e5 Nf6g4
7.h3 Ng4h6
8.Bf1b5 O-O
9.Nc3d5 f6
10.exf6 exf6
11.Bg5e3 c6
12.Nd5xf6 Qd8xf6
13.Bb5c4 d5
14.Bc4d3 Rf8e8
15.O-O Nh6f7
16.Qd1d2 Nd7f8
17.Nf3g5 Nf7xg5
18.Be3xg5 Qf6f7
19.b3 Bc8f5
20.Bd3xf5 Qf7xf5
21.c3 Nf8e6
22.Bg5h6 Bg7xh6
23.Qd2xh6 Qf5f4
24.Qh6xf4 Ne6xf4
25.Kh2 h5
26.g3 Nf4e2
27.c4 Re8e4
28.cxd5 cxd5
29.f3 Re4e8
30.g4 Ne2xd4
31.Ra1d1 Re8e2
32.Kg3 hxg4
33.Rd1xd4 gxh3
34.Kxh3 Re2xa2
35.Rd4xd5 Ra8c8
36.Rd5d6 Rc8c6
37.Rd6d8 Kg7
38.Rd8d7 Kh6
39.Rd7xb7 Rc6c2
40.Rf1h1 Kg5
41.Rb7b5 Kf6
{ draw }
1/2-1/2

[Event "Tourn. n10006"]
[Site "www.echecsemail.com"]
[Date "2018.12.12"]
[Round "1"]
[White "Julian"]
[Black "Osopanda"]
[WhiteElo "1620"]
[BlackElo "1640"]
[Result "0-1"]
[Round "1"]
1.e4 e5
2.Ng1f3 f5
3.d3 Ng8f6
4.Nf3xe5 d6
5.Ne5c4 fxe4
6.dxe4 Bc8e6
7.Nb1c3 Bf8e7
8.Bf1d3 O-O
9.O-O Nb8c6
10.f4 Nc6b4
11.Nc3d5 Be6xd5
12.exd5 { time. }
0-1

[Event "Tourn. n9991"]
[Site "www.echecsemail.com"]
[Date "2018.12.12"]
[Round "1"]
[White "Fantomas"]
[Black "Panham"]
[WhiteElo "2160"]
[BlackElo "2190"]
[Result "1/2-1/2"]
[Round "1"]
1.e4 c6
2.d4 d5
3.exd5 cxd5
4.Bf1e2 Ng8f6
5.Ng1f3 Bc8f5
6.h3 Nb8c6
7.c3 e6
8.Bc1e3 Bf8e7
9.Nb1d2 O-O
10.O-O Qd8c7
11.Nf3h4 Bf5e4
12.Nh4f3 Ra8c8
13.Nf3g5 Be4g6
14.Nd2b3 Nf6d7
15.Qd1d2 b6
16.Ra1c1 Qc7d8
17.Ng5f3 e5
18.dxe5 Nd7xe5
19.Nf3xe5 Nc6xe5
20.Be2a6 Ne5c4
21.Qd2e2 Nc4xe3
22.Qe2xe3 Rc8c7
23.Rf1d1 Rf8e8
24.Qe3d4 h6
25.Qd4xd5 Qd8xd5
26.Rd1xd5 Bg6e4
27.Rd5d4 Be7g5
28.Rc1e1 f5
29.f3 Be4c6
30.Re1xe8 Bc6xe8
31.f4 Bg5f6
32.Rd4d5 g6
33.Rd5d2 Kg7
34.Kf2 g5
35.fxg5 hxg5
36.Nb3d4 { draw }
1/2-1/2

[Event "Tourn. n9966"]
[Site "www.echecsemail.com"]
[Date "2018.12.12"]
[Round "1"]
[White "Seger"]
[Black "Szustan"]
[WhiteElo "2830"]
[BlackElo "2560"]
[Result "1-0"]
[Round "1"]
1.d4 d5
2.c4 dxc4
3.Nb1c3 Ng8f6
4.Ng1f3 a6
5.e4 b5
6.e5 Nf6d5
7.a4 Nd5xc3
8.bxc3 Bc8b7
9.e6 f6
10.Bf1e2 Qd8d5
11.O-O Qd5xe6
12.Rf1e1 Qe6d7
13.Nf3h4 g6
14.Be2g4 f5
15.Bg4f3 Nb8c6
16.Bc1g5 Kf7
17.g4 Bf8g7
18.gxf5 Bg7f6
19.Qd1d2 Nc6a5
20.Qd2f4 Ra8g8
21.fxg6 hxg6
22.Re1e5 Na5c6
23.Re5d5 Qd7e6
24.axb5 axb5
25.Rd5xb5 Rh8h5
26.Bf3d5 Rh5xg5
27.Qf4xg5 Bf6xg5
28.Bd5xe6 Kxe6
29.Rb5xg5 Kf6
30.Rg5b5 { resign }
1-0

[Event "Tourn. n10019"]
[Site "www.echecsemail.com"]
[Date "2018.12.12"]
[Round "1"]
[White "Andychesston"]
[Black "Malbertan"]
[WhiteElo "2000"]
[BlackElo "1950"]
[Result "0-1"]
[Round "1"]
1.e4 e5
2.Ng1f3 Nb8c6
3.d4 exd4
4.Nf3xd4 Bf8c5
5.Bc1e3 Nc6xd4
6.Be3xd4 Bc5xd4
7.Qd1xd4 Qd8f6
8.e5 Qf6g6
9.Nb1a3 Ng8e7
10.O-O-O Ne7c6
11.Qd4c5 Qg6g5
12.Kb1 Qg5xe5
13.Rd1e1 Qe5xe1
{ resign }
0-1

[Event "Tourn. n9990"]
[Site "www.echecsemail.com"]
[Date "2018.12.12"]
[Round "1"]
[White "Raicolin"]
[Black "Apdash"]
[WhiteElo "2459"]
[BlackElo "2320"]
[Result "1/2-1/2"]
[Round "1"]
1.c4 c5
2.Nb1c3 e6
3.e4 Nb8c6
4.g3 g6
5.Bf1g2 Bf8g7
6.Ng1e2 d6
7.O-O Ng8e7
8.d3 a6
9.Bc1g5 Qd8c7
10.Qd1d2 h6
11.Bg5e3 Nc6d4
12.Ra1b1 Ne7c6
13.b3 Bc8d7
14.a3 Ra8b8
15.b4 Nd4xe2
16.Nc3xe2 Nc6d4
17.h3 Nd4xe2
18.Qd2xe2 O-O
19.Qe2d2 Kh7
20.f4 b5
21.cxb5 Bd7xb5
22.bxc5 dxc5
23.Rb1c1 Qc7d7
24.Be3xc5 Bg7d4
25.Kh2 Bd4xc5
26.Rc1xc5 Qd7xd3
27.Qd2c1 Rb8d8
28.f5 exf5
29.exf5 g5
30.Rf1f2 Qd3d4
31.Rf2f3 Rf8e8
32.Rc5c7 Kg8
33.Rc7c2 Qd4f6
34.Bg2f1 Bb5a4
35.Rc2d2 Rd8c8
36.Qc1b2 Qf6c6
37.Rf3d3 Re8e1
38.Rd3d6 Qc6f3
39.Rd6xh6 Qf3c3
40.Rh6xa6 Re1xf1
41.Qb2xc3 Rc8xc3
42.Ra6xa4 Rc3c1
43.g4 Rf1h1
44.Kg2 Rc1g1
45.Kf2 Rg1f1
46.Kg2 { draw }
1/2-1/2